Missing Word: Reservoir Dogs Quiz Stats

 Plays Quiz Updated Feb 7, 2013

Support Sporcle.
Go Orange.
Score 0/20 Timer 04:00
0 Plays Today
% Correct
Bill
97.4%
Planet
97%
Dusk
96.9%
Pulp
96.1%
Louise
94.5%
City
92.8%
Big
92.7%
Free
87.8%
Taxi
85.9%
Air
81%
% Correct
Donnie
75.3%
Little
71.3%
Hulk
59.9%
Dead
56.9%
Roy
52.2%
Temptation
51%
Streets
45.5%
Crossing
39%
Deeds
22.5%
World
12.5%

Today's Daily Dose

Missing Word
90s UK #1s

Word Ladder
Full Score

Quick Pick
Prime Books

Get the Picture
Big 4 'P' All-Stars

From the Vault

Lost in Translation: Soul

by Sarahbelle

Music 8m
Try singing the re-translated lyrics out loud. It's hilarious.
Remove Ads.
Support Sporcle.
Get the best of Sporcle when you Go Orange. This ad-free experience offers more features, more stats, and more fun while also helping to support Sporcle. Thank you for becoming a member.

Show Comments

Extras

Top Quizzes Today


Score Distribution

Your Account Isn't Verified!

In order to create a playlist on Sporcle, you need to verify the email address you used during registration. Go to your Sporcle Settings to finish the process.

Report this User

Report this user for behavior that violates our Community Guidelines.

Details: